MARC

LEADER 00000nam0a2200000 4500
001 297990
005 20231102001048.0
035 |a (RuTPU)RU\TPU\book\323131 
090 |a 297990 
100 |a 20150615d1968 k y0rusy50 ca 
101 0 |a rus 
102 |a RU 
105 |a a z 001zy 
200 1 |a Единая серия асинхронных взрывозащищенных электродвигателей ВАО  |f Н. Н. Волковой, В. В. Каика 
210 |a Москва  |c Энергия  |d 1968 
215 |a 208 с.  |c ил. 
320 |a Библиогр.: с. 206. 
606 1 |a Асинхронные электродвигатели  |2 stltpush  |3 (RuTPU)RU\TPU\subj\29522  |9 52832 
610 1 |a взрывозащищенные электродвигатели 
610 1 |a характеристика 
610 1 |a конструкции 
610 1 |a модификации 
610 1 |a мощность 
610 1 |a выбор 
610 1 |a монтаж 
610 1 |a подключение 
610 1 |a заземление 
610 1 |a эксплуатация 
675 |a 621.313.333  |v 3 
700 1 |a Волковой  |b Н. Н.  |g Николай Никитович 
701 1 |a Каика  |b В. В.  |g Василий Васильевич 
801 1 |a RU  |b 63413507  |c 20150615 
801 2 |a RU  |b 63413507  |c 20220919  |g RCR 
942 |c BK